=LDR 00000nam 2200000 4500 =001 INLIS000000000029630 =005 20130612131840 =008 ***********************************Ind** =035 ##$$0010-061300000029630 =041 ##$$a Ind =082 ##$$a 427.07 =090 ##$$a 427.07, Kop k =245 ##$$a Koperasi =260 ##$$a 2008 $b Jakarta =300 ##$$a xxvi, 550 hlm, ilus, 30 cm =650 ##$$a Koperasi penelitian =850 ##$$a NBPNMAT